000 00213nam a22000857a 4500
008 170327b xxu||||| |||| 00| 0 eng d
100 _93043
_aSawhney.P.
245 _aManual on Science-VI
260 _aNew delhi
_bAPC
_c2010
999 _c6308
_d6308